Handbook of vehicle-road interaction

Zapisane w:
Opis bibliograficzny
1. autor: Cebon, david (Autor)
Format: Książka
Język:angielski
Wydane: Lisse Swets & Zeitlinger 1999
Seria:Advances in Engineering, 2
Hasła przedmiotowe:
Etykiety: Dodaj etykietę
Nie ma etykietki, Dołącz pierwszą etykiete!

MARC

LEADER 00000nam a2200000 a 4500
001 UCL4083
003 CL-VaPUC
008 031219e19990000ne |||||||||||||||||eng|d
020 |a 9026515545 
082 0 4 |a 629.231  |b CEB  |2 21 
100 0 |a Cebon, david  |e author  |9 481591 
245 1 0 |a Handbook of vehicle-road interaction 
300 |a 600 p 
942 |c BK 
945 |d 20031219 00:00:00  |a cmena 
260 |a Lisse  |b Swets & Zeitlinger  |c 1999 
650 7 |a MOTORES DE AUTOMOVILES  |2 CL-VaPUC  |9 364790 
650 0 |a Pavimentos  |9 258061 
650 0 |a Diseño industrial  |9 262726 
650 0 |a Resistencia de materiales  |9 260095 
583 |a last modification  |c 20171213 06:41:44  |k Rodrigo Vera 
490 0 |a Advances in Engineering, 2 
999 |c 307028  |d 307026 
952 |0 0  |1 0  |4 0  |6 629_231000000000000_CEB_1999  |7 0  |8 A  |9 372494  |a BIBING  |b BIBING  |d 2019-11-21  |i 397734K  |o 629.231 CEB 1999  |p 397734K  |r 2025-01-20  |w 2019-11-21  |y BK  |k CCL